Normal view MARC view
  • Edwin Fox and Bousfield

Entry Corporate Name

Number of records used in: 2

001 - CONTROL NUMBER

  • control field: 5433

003 - CONTROL NUMBER IDENTIFIER

  • control field: SIRSI

005 - DATE AND TIME OF LATEST TRANSACTION

  • control field: 20190806150243.0

008 - FIXED-LENGTH DATA ELEMENTS

  • fixed length control field: 071031n| acannaabn |n ana d

040 ## - CATALOGING SOURCE

  • Original cataloging agency: OSt
  • Transcribing agency: OSt

110 2# - HEADING--CORPORATE NAME

  • Corporate name or jurisdiction name as entry element: Edwin Fox and Bousfield

670 ## - SOURCE DATA FOUND

  • Source citation: The New River...particulars and conditions of sale of a King's freehold share...for sale by auction by Messrs. Edwin Fox and Bousfield at the Mart, Tokenhouse Yard, Bank of England on Wednesday the 21st day of May 1890..., [1890]